Biodiversidad, sustento y culturas (Registro nro. 27381)
[ vista simple ]
| 000 -CABECERA | |
|---|---|
| Longitud fija campo de control | 00764nai a22002057a 4500 |
| 003 - IDENTIFICADOR DELl NÚMERO DE CONTROL | |
| Identificador del número de control | OSt |
| 005 - FECHA Y HORA DE LA ÚLTIMA TRANSACCIÓN | |
| Fecha y hora de la última transacción | 20170601182953.0 |
| 008 - CÓDIGOS DE INFORMACIÓN DE LONGITUD FIJA | |
| Códigos de información de longitud fija | 170321b xxu||||| |||| 00| 0 eng d |
| 022 ## - NÚMERO INTERNACIONAL NORMALIZADO PARA PUBLICACIONES SERIADAS | |
| Número Internacional Normalizado para Publicaciones Seriadas | 07977-888X |
| 040 ## - FUENTE DE LA CATALOGACIÓN | |
| Centro catalogador de origen | BMC |
| Centro transcriptor | BMC |
| 082 ## - NÚMERO DE LA CLASIFICACIÓN DECIMAL DEWEY | |
| Númeroo de clasificación | 338.1 |
| 245 00 - MENCIÓN DE TÍTULO | |
| Título | Biodiversidad, sustento y culturas |
| Resto del título | : abril |
| Mención de responsabilidad, etc. | Ramón Vera Herrera, editor |
| 260 ## - PUBLICACIÓN, DISTRIBUCIÓN, ETC. (PIE DE IMPRENTA) | |
| Lugar de publicación, distribución, etc. | Barcelona |
| Nombre del editor, distribuidor, etc. | REDES-AT |
| -- | GRAIN |
| Fecha de publicación, distribución, etc. | 2009 |
| 300 ## - DESCRIPCIÓN FÍSICA | |
| Extensión | 40 p. |
| Dimensiones | 28 cm |
| 490 ## - MENCIÓN DE SERIE | |
| Mención de serie | Redes, amigos de la tierra |
| Designación de volumen o secuencia | 60 |
| 505 ## - NOTA DE CONTENIDO CON FORMATO | |
| Nota de contenido con formato | Contiene: El nuevo acaparamiento mundial de la tierra.- Maíz transgénico legalizado en México.- La importancia de la acción ecológica en Ecuador.- Primer triunfo de la minga en Colombia.- |
| 650 24 - PUNTO DE ACCESO ADICIONAL DE MATERIA - TÉRMINO DE MATERIA | |
| 9 (RLIN) | 6390 |
| Término de materia o nombre geográfico como elemento inicial | Agricultura integrada |
| 700 1# - PUNTO DE ACCESO ADICIONAL - NOMBRE DE PERSONA | |
| 9 (RLIN) | 40898 |
| Nombre de persona | Vera Herrera, Ramón |
| 942 ## - ENTRADA DE ELEMENTOS AGREGADOS (KOHA) | |
| Fuente de clasificaión o esquema | Dewey Decimal Classification |
| Koha [por defecto] tipo de item | 2- Prensa y Revistas |
| Suprimido | Perdido | Fuente de clasificación o esquema | Estropeado | Restricciones de uso | No para préstamo | Código de colección | Localización permanente | Localización actual | Localización en estanter&íacute;as | Fecha adquisición | Fuente de adquisición | Número de inventario | Préstamos totales | Signatura completa | Código de barras | Fecha última consulta | Fecha del precio de reemplazo | Tipo de item de Koha |
|---|---|---|---|---|---|---|---|---|---|---|---|---|---|---|---|---|---|---|
| NULL | NULL | Dewey Decimal Classification | NULL | Prestable | NULL | NULL | Biblioteca Miguel de Cervantes - UNICAES | Biblioteca Miguel de Cervantes - UNICAES | Sala Principal | 25/09/2009 | Donación - Asociación de comunidades ecológicas | 000040 | BIO-000040 | 1041241 | 30/03/2017 | 30/03/2017 | 2- Prensa y Revistas |